000 00478nam a2200193Ia 4500
008 240510s9999 xx 000 0 und d
020 _a0008120311361
041 _aEng
082 _a006.32
082 _bK43
100 _aKLIR G.J. & YUAN B.
245 0 _aFUZZY SETS AND FUZZY LOGIC : THEORY AND APPLICATIONS
260 _bNEW DELHI : PRINTICE HALL
260 _c1995
300 _a574 p.
650 _aFUZZY LOGIC : NEURAL NETWORKS
942 _2ddc
942 _cLBK
999 _c21838
_d21838
945 _a1
_bMadushi Gamage
_c1
_dMadushi Gamage